| 000 | 00678nam a2200241 4500 | ||
|---|---|---|---|
| 001 | 12262 | ||
| 003 | ES-MaACL | ||
| 005 | 20251105063125.0 | ||
| 007 | t| | ||
| 008 | 000000s1984 sp ||||0| gao | ||
| 016 | 7 | _zIBH8505905438 | |
| 020 | _a84-7492-206-2 | ||
| 040 |
_aIBH _bspa _cM-BN-DP |
||
| 080 | _a869.9-31"19" | ||
| 100 | 0 |
_aRiveiro Loureiro, Manoel, _d1933- _997602 |
|
| 245 | 1 | 2 |
_aA moa _b: novela maniquea / _cManoel Riveiro Loureiro. |
| 260 |
_aA Coruña : _bEdiciós do Castro, _c[1984] |
||
| 300 |
_a144 p ; _c18 cm. |
||
| 490 | 1 | _aNarrativa | |
| 830 | 0 |
_aNarrativa _9177839 |
|
| 852 |
_aES-MaACL _jL-19607 _bR.122258 |
||
| 999 |
_c12262 _d12262 |
||